000 00204nam a2200109Ia 4500
100 _a#N/A
942 _cBK
654 _aPlayware
245 _aPlayware ; Music album
260 _b#N/A
546 _aENGLISH
999 _c22718
_d22718